UBT Library

John von Neumann and modern economics / (Record no. 40876)

000 -LEADER
fixed length control field 00660cam a2200229 a 4500
001 - CONTROL NUMBER
control field 1021519
005 - DATE AND TIME OF LATEST TRANSACTION
control field 20180124081408.0
008 - FIXED-LENGTH DATA ELEMENTS--GENERAL INFORMATION
fixed length control field 880912s1989 enk b 001 0 eng
010 ## - LIBRARY OF CONGRESS CONTROL NUMBER
LC control number 88028905
020 ## - INTERNATIONAL STANDARD BOOK NUMBER
International Standard Book Number 019828554X :
Terms of availability 27.50
040 ## - CATALOGING SOURCE
Original cataloging agency DLC
Transcribing agency DLC
Modifying agency DLC
041 ## - LANGUAGE CODE
Language code of text/sound track or separate title eng
080 ## - UNIVERSAL DECIMAL CLASSIFICATION NUMBER
Universal Decimal Classification number 338.00724 DOR
082 00 - DEWEY DECIMAL CLASSIFICATION NUMBER
Classification number 338.00724 DOR
Edition number 19
100 ## - Rafti
Rafti 52
101 ## - Shkurtesa
Shkurtesa EKO
245 00 - TITLE STATEMENT
Title John von Neumann and modern economics /
Statement of responsibility, etc edited by Mohammed Dore, Sukhamoy Chakravarty, Richard Goodwin.
504 ## - BIBLIOGRAPHY, ETC. NOTE
Bibliography, etc Includes bibliographical references and index.
906 ## - LOCAL DATA ELEMENT F, LDF (RLIN)
a 7
b cbc
c orignew
d 1
e ocip
f 19
g y-gencatlg
942 ## - ADDED ENTRY ELEMENTS (KOHA)
Source of classification or shelving scheme
Item type Books
Holdings
Withdrawn status Lost status Source of classification or shelving scheme Damaged status Not for loan Collection code Permanent location Current location Shelving location Date acquired Total Checkouts Full call number Barcode Date last seen Price effective from Koha item type
          Koleksioni i përgjithshem UBT - Lipjan UBT - Lipjan Koleksioni i përgjithshem 01/24/2018   338.00724 DOR 002-2996236 01/24/2018 01/24/2018 Books
UBT Library © 2015-2024. All rights reserved University Education for Business and Technology